|
|
|
|
| LEADER |
01052pam a22002658a 4500 |
| 001 |
00019181 |
| 005 |
20171026081022.0 |
| 008 |
110505s2005 ||||||Viesd |
| 020 |
|
|
|c 327000
|
| 041 |
0 |
# |
|a Vie
|
| 082 |
1 |
# |
|a 959.71
|b Đ103C
|
| 100 |
1 |
# |
|a Nguyễn, Khắc Thuần
|
| 245 |
1 |
0 |
|a Đại cương lịch sử văn hóa Việt Nam
|c Nguyễn Khắc Thuần
|n T.3
|p Nho giáo với quá trình tham gia đời sống văn hóa tư tưởng ở Việt Nam
|
| 250 |
# |
# |
|a Tái bản lần thứ 6
|
| 260 |
# |
# |
|a Hà Nội
|b Giáo dục
|c 2005
|
| 300 |
# |
# |
|a 283 tr.
|b ảnh màu
|c 21 cm.
|
| 650 |
# |
7 |
|a Văn hóa
|z Việt Nam
|
| 653 |
# |
# |
|a Phật giáo
|
| 653 |
# |
# |
|a Đạo phật
|
| 852 |
# |
# |
|b Kho mượn
|j KM.0003144, KM.0003140, KM.0003141, KM.0003142
|
| 852 |
# |
# |
|b Kho đọc
|j KD.0004479
|
| 852 |
# |
# |
|j KD.0004479
|j KM.0003141
|j KM.0003142
|j KM.0003140
|j KM.0003144
|
| 910 |
|
|
|d 05/05/2011
|
| 980 |
# |
# |
|a Trung tâm Học liệu Lê Vũ Hùng, Trường Đại học Đồng Tháp
|